000 01099nam a22003017a 4500
003 DO-SdBPM
005 20250722143417.0
007 ta
008 180205b2002 ck | 00| 0 spa d
020 _a9588173159
040 _aDO-SdBPM
_bspa
_cBPMSU
_erda
082 4 _a920.086141
_bS586i 2002
_222
100 1 _aSilva, Renán
_d1951-
_eautor
245 1 4 _aLos ilustrados de Nueva Granada, 1760-1808 :
_bgeneaología de una comunidad de interpretación/
_cRenán Silva
264 _aMedellín, Colombia :
_bFondo Editorial Universidad Eafit,
_c2002
300 _a674 páginas ;
_c24 cm
336 _atexto
_btxt
_2rdaconten
337 _asin mediación
_bn
_2rdamedia
338 _avolumen
_bnc
_2rdacarrier
590 _aInventariado, 2025/VM
650 7 _aIntelectuales
_xHistoria
_zBogotá (colombia)
_y1760-1808.
650 7 _aCultura
_zBogotá (Colombia).
650 7 _a
651 4 _aBogotá (Colombia)
_xVida intelectual
_xHistoria
_y1760-1808.
740 0 2 _aGenealogía de una comunidad de interpretación.
910 _aVMateo V. Control de calidad. BPMSU
942 _2ddc
_cBK
999 _c13260
_d13260